000 00542nam a2200229Ia 4500
003 OSt
005 20221007082526.0
006 a|||||r|||| 00| 0
007 ta
008 221006b |||||||| |||| 00| 0 eng d
024 _a8,303
037 _cTextual
040 _aFLL
_cFLL
_beng
041 _2eng
_aeng
082 _aZ2vN3, M1
100 _aJain Au.
_9681220
245 0 _aOutlines of indian cases
260 _c1981
300 _a528p
_ccm.
942 _hZ2vN3, M1
_cTEXL
_2CC
999 _c1166721
_d1166721